01003 2200205 4500001002100000005001500021035002000036008004100056245006900097100001900166250000600185260003100191300001200222020002200234084001400256082000800270650001400278520049300292990001200785INLIS00000000000125220240712103325 a0010-0524000487240712 0 ind 1 aPanduan Sekolah & Madrasah Ramah Anak /cDr. H. M. Asrorun Ni'am aNi'am, Asrorun a1 aJakarta :bErlangga,c2016 a213 hlm a978-602-298-845-8 a600 ASR p a600 4aNon Fiksi aSekolah ramah anak adalah sekolah yang secara sadar berupaya kuat untuk menjamin dan memenuhi hak-hak dan perlindungan anak dalam setiap aspek kehidupan secara terencana dan bertanggungjawab. Tujuan sekolah ramah anak adalah untuk mewujudkan sekolah yang dapat menjamin dan memenuhi hak-hak dan perlindungan anak Indonesia, hal ini sesuai dengan tujuan pendidikan nasional, UUD 45, Undang-Undang No. 20 Tahun 2002 tentang Sistem Pendidikan Nasional, dan prinsip-prinsip perlindungan anak. a0747652